000 00423nam a2200145 a 4500
001 000033257
005 20200930070130.0
008 100222s1958 dr 000 0 eng d
040 _aDO-SdBNP
_bspa
_cBNPHU
041 1 7 _aeng
110 1 _aDominican Republic.
_935756
245 1 0 _aConstitution of the Dominican Republic (1966).
260 _aWashington, D. C. :
_bPan American Union,
_c1958.
300 _aiii, 27 p. ;
_c28 cm.
999 _c32748
_d32748